| 000 | 01202nac a22002771u 4500 | ||
|---|---|---|---|
| 090 | _c8092 | ||
| 008 | 090122t xxu||||| |||| 00| 0 eng d | ||
| 010 | _a2006027771 | ||
| 020 | _a9780470044148 (cloth) | ||
| 082 | 0 | 0 |
_a693.54 _bAMB |
| 100 | _aAmbrose, James E. | ||
| 245 | 1 | 0 |
_aSimplified Design of Concrete Structures / _cJames Ambrose; Patrick Tripeny. |
| 250 | _a8th ed. | ||
| 260 |
_aHoboken : _bJ. Wiley & Sons, _cc2007. |
||
| 260 |
_aHoboken : _bJ. Wiley & Sons,2007 _c2007. |
||
| 260 |
_aHoboken : _bJ. Wiley & Sons,2007 _c2007. |
||
| 300 |
_a428p.; _c22 cm. |
||
| 504 | _aIncludes bibliographical references and index. | ||
| 650 | 0 | _aReinforced concrete construction. | |
| 650 | 0 | _aStructural design. | |
| 700 | 1 | _aTripeny, Patrick. | |
| 856 | 4 | 1 |
_3Table of contents only _uhttp://www.loc.gov/catdir/toc/ecip0620/2006027771.html |
| 942 |
_cBB _k693.54AMB _2ddc |
||
| 999 |
_c8092 _d8092 |
||